| 000 | 00471nam a2200193Ia 4500 | ||
|---|---|---|---|
| 005 | 20240823033125.0 | ||
| 008 | 240823s9999||||xx |||||||||||||| ||und|| | ||
| 020 | _a81-239-0874-1 | ||
| 041 | _aENGLISH | ||
| 082 | _A621.81 P5 | ||
| 100 | _aThomas Bevan | ||
| 245 | 4 | _aThe Theory of Machines | |
| 250 | _a3rd | ||
| 260 |
_c2005 _b"CBS Publishers & Distributors,New " |
||
| 500 | _aYES | ||
| 650 |
_aTheory of Machine _bMechanical |
||
| 942 | _cBK | ||
| 999 |
_c195065 _d195065 |
||